Human rights in a posthuman world : (Record no. 9371)

MARC details
000 -LEADER
fixed length control field 00608 a2200193 4500
010 ## - LIBRARY OF CONGRESS CONTROL NUMBER
LC control number ENG-88866
020 ## - INTERNATIONAL STANDARD BOOK NUMBER
International Standard Book Number 019569211X
Terms of availability 650.00
035 ## - SYSTEM CONTROL NUMBER
System control number EN-72399
037 ## - SOURCE OF ACQUISITION
Source of stock number/acquisition DBAD / PUB
082 14 - DEWEY DECIMAL CLASSIFICATION NUMBER
Classification number 323
090 ## - LOCALLY ASSIGNED LC-TYPE CALL NUMBER (OCLC); LOCAL CALL NUMBER (OCLC)
-- 9545
-- 9545
100 ## - MAIN ENTRY--PERSONAL NAME
Personal name Baxi, Upendra
245 1# - TITLE STATEMENT
Title Human rights in a posthuman world :
Statement of responsibility, etc by Upendra Baxi
Remainder of title critical essays /
260 ## - PUBLICATION, DISTRIBUTION, ETC. (IMPRINT)
Place of publication, distribution, etc New Delhi
Name of publisher, distributor, etc Oxford University Press
Date of publication, distribution, etc 2007
300 ## - PHYSICAL DESCRIPTION
Extent xiv, 249p.
Dimensions 22 cm (Hb)
500 ## - GENERAL NOTE
General note Includes Index
942 ## - ADDED ENTRY ELEMENTS (KOHA)
Institution code [OBSOLETE] dpl
Koha item type English Books
Call number prefix 323 / BAX
Holdings
Withdrawn status Lost status Source of classification or shelving scheme Damaged status Not for loan Collection code Home library Current library Source of acquisition Cost, normal purchase price Total Checkouts Full call number Barcode Date last seen Copy number Uniform Resource Identifier Cost, replacement price Price effective from Koha item type
    Dewey Decimal Classification   Not For Loan Non-fiction D.B.Act.Division D.B.Act.Division DBAD/PUB 650.00   323 BAX EN-72399 15/09/2008 1 10354 650.00 15/09/2008 English Books

© Delhi Public Library
Hit Counter
free hit counter